[Event "28. Offene Internationale Bayerische Schachmeisterschaft"]
[Site "Gmund am Tegernsee"]
[Date "2025.11.07"]
[Round "7"]
[Board "40"]
[White "Felix, Raphael"]
[Black "Braeutigam, Alexander"]
[Result "1-0"]
[WhiteElo "2290"]
[BlackElo "2110"]
[PlyCount "0"]
[EventDate "2025.11.01"]
[EventRounds "9"]
[EventCountry "GER"]

1. e4 c5 2. Nf3 a6 3. c4 Nc6 4. d4 cxd4 5. Nxd4 Nf6 6. Nc3 e5 7. Nf5 d5 8. cxd5 Bxf5
9. exf5 Nd4 10. Bd3 Nxd5 11. Nxd5 Qxd5 12. O-O Be7 13. Qg4 Bf6 14. Be4 Qb5 15. Re1
h5 16. Qh3 Qb4 17. Qc3 Qxc3 18. bxc3 Nc6 19. f4 Ne7 20. fxe5 Bxe5 21. Bxb7 Bxc3 22.
Ba3 Bxa1 23. Rxe7+ Kd8 24. Bxa8 Bb2 25. Rb7 Bd4+ 26. Kf1 Rh6 27. Rxf7 Rb6 28. Be4
Bf6 29. Rb7  1-0

[Event "28. Offene Internationale Bayerische Schachmeisterschaft"]
[Site "Gmund am Tegernsee"]
[Date "2025.11.07"]
[Round "7"]
[Board "41"]
[White "Koehler, Christian Friedrich"]
[Black "Ronsin, Corentin"]
[Result "1/2-1/2"]
[WhiteElo "2274"]
[BlackElo "2093"]
[PlyCount "0"]
[EventDate "2025.11.01"]
[EventRounds "9"]
[EventCountry "GER"]

1. e4 c5 2. Nf3 d6 3. Bb5+ Bd7 4. Bxd7+ Nxd7 5. O-O Ngf6 6. Qe2 e6 7. b3 Be7 8. Bb2
O-O 9. c4 Re8 10. d4 cxd4 11. Nxd4 Nc5 12. f3 a6 13. Nc3 Qc7 14. Rac1 Rac8 15. g3
Ncd7 16. Kg2 b6 17. Rfd1 Qb7 18. Rc2 Bd8 19. h3 Bc7 20. Qf2 d5 21. cxd5 exd5 22.
exd5 Nxd5 23. Nf5 N5f6 24. Rcd2 Qc6 25. Nd6 Bxd6 26. Rxd6 Qb7 27. Nd5 Nxd5 28. R1xd5
Nc5 29. Rd2 b5 30. h4 Ne6 31. Kh2 Rc6 32. f4 Rxd6 33. Rxd6 h6 34. Qd2 Qf3 35. Rd3
Ng5 36. Rd8 Rxd8 37. Qxd8+ Kh7 38. hxg5 Qe2+ 39. Kh3 Qh5+  1/2-1/2

[Event "28. Offene Internationale Bayerische Schachmeisterschaft"]
[Site "Gmund am Tegernsee"]
[Date "2025.11.07"]
[Round "7"]
[Board "42"]
[White "Papadopoulos, Ioannis"]
[Black "Pradeep, Harshill"]
[Result "1-0"]
[WhiteElo "2240"]
[BlackElo "2058"]
[PlyCount "0"]
[EventDate "2025.11.01"]
[EventRounds "9"]
[EventCountry "GER"]

1. e4 c5 2. Nf3 e6 3. d4 cxd4 4. Nxd4 a6 5. c4 Nf6 6. Nc3 Bb4 7. Qd3 d5 8. exd5 exd5
9. Be2 Nc6 10. Nxc6 bxc6 11. O-O O-O 12. cxd5 Nxd5 13. Nxd5 Qxd5 14. Qg3 Bf5 15.
Bf3 Qe6 16. Bf4 Rad8 17. Rfc1 Be4 18. Be5 f6 19. Bxe4 fxe5 20. Bxh7+ Kxh7 21. Qh4+
Qh6 22. Qxb4 Rf4 23. Qc3 Rdf8 24. Rf1 e4 25. Rae1 R8f5 26. Re3 Rh5 27. h3 Rhf5 28.
b4 Qe6 29. Qc2 Rg5 30. Rfe1 Qg6 31. g3 Rgf5 32. R1e2 Re5 33. Kf1 Rff5 34. Rxe4 Rxe4
35. Qxe4  1-0

[Event "28. Offene Internationale Bayerische Schachmeisterschaft"]
[Site "Gmund am Tegernsee"]
[Date "2025.11.07"]
[Round "7"]
[Board "43"]
[White "Stoettner, Lukas"]
[Black "Humbert, Arthur"]
[Result "1/2-1/2"]
[WhiteElo "2227"]
[BlackElo "2051"]
[PlyCount "0"]
[EventDate "2025.11.01"]
[EventRounds "9"]
[EventCountry "GER"]

1. e4 c6 2. d4 d5 3. e5 c5 4. Nf3 cxd4 5. Qxd4 Nc6 6. Qf4 e6 7. Bd3 Nb4 8. Nbd2 Nxd3+
9. cxd3 Ne7 10. Nb3 Ng6 11. Qg3 a5 12. h4 a4 13. Nbd4 h5 14. O-O Bd7 15. Bg5 Qb6
16. Rac1 Bb4 17. Be3 Qa6 18. a3 Ba5 19. Rfd1 Rc8 20. Rxc8+ Bxc8 21. Ne2 Bb6 22. Bxb6
Qxb6 23. Rd2 Bd7 24. Nf4 Rh6 25. Qg5 Nxf4 26. Qxf4 Rg6 27. Qe3 Qxe3 28. fxe3 f6 29.
Kf2 Bc6 30. d4 Bb5 31. Rc2 Bc4 32. Rc1 Kd7 33. Rh1 Bd3 34. Rc1 Bc4 35. Rc3 b5 36.
Rc1 Kc6 37. Rh1 b4 38. Rc1 Kb5 39. Rc2 Rh6 40. Ke1 Rh8 41. axb4  1/2-1/2

[Event "28. Offene Internationale Bayerische Schachmeisterschaft"]
[Site "Gmund am Tegernsee"]
[Date "2025.11.07"]
[Round "7"]
[Board "44"]
[White "Bossinger, Patrick"]
[Black "Lentrodt, Thomas"]
[Result "1-0"]
[WhiteElo "2053"]
[BlackElo "2224"]
[PlyCount "0"]
[EventDate "2025.11.01"]
[EventRounds "9"]
[EventCountry "GER"]

1. e4 c5 2. Nf3 d6 3. d4 cxd4 4. Qxd4 Nc6 5. Bb5 Bd7 6. Bxc6 Bxc6 7. Nc3 Nf6 8. Bg5
e6 9. O-O-O Be7 10. Rhe1 O-O 11. Kb1 Qa5 12. Qd2 Qc7 13. Nd4 Rfd8 14. f3 a6 15. g4
b5 16. Nxc6 Qxc6 17. Ne2 Rd7 18. Nd4 Qc5 19. Be3 Qc7 20. h4 Rdd8 21. Bg5 Rac8 22.
Re2 Ne8 23. Bxe7 Qxe7 24. h5 Nf6 25. Rh1 Nd7 26. f4 Nf8 27. g5 Rc4 28. b3 Rc5 29.
f5 exf5 30. exf5 Qb7 31. Rhe1 Re5 32. Qd3 Qd5 33. Nc6 Qxd3 34. cxd3 Rxe2 35. Rxe2
Ra8 36. Ne7+ Kh8 37. Nd5 g6 38. hxg6 fxg6 39. f6 h5 40. gxh6 Kh7 41. Nc7 Rc8 42.
Ne8 Kxh6 43. Nxd6 Rc6 44. Nf7+ Kh7 45. Rh2+ Kg8 46. Nh6+ Kh8 47. Ng4+ Kg8 48. f7+
Kg7 49. Ne5 Rd6 50. Rg2 Nd7 51. Nxd7 Rxd7 52. Rxg6+ Kxf7 53. Rxa6 Rxd3 54. Rb6 Rd5
55. Kb2 Ke7 56. Kc3 Kd7 57. Kb4 Rd2 58. a3 Kc7 59. Rxb5 Rd4+ 60. Kc3 Rg4 61. a4 Kc6
62. Rh5 Kb6 63. Kb2 Ka6 64. Ka3 Kb6 65. Rh6+ Kb7 66. a5 Rf4 67. b4 Ka7 68. Ka4 Rg4
69. Rd6 Rh4 70. Kb5 Rh5+ 71. Kc4 Rh4+ 72. Kc5 Rh5+ 73. Rd5 Rh7 74. b5 Rc7+ 75. Kb4
Rh7 76. a6  1-0

[Event "28. Offene Internationale Bayerische Schachmeisterschaft"]
[Site "Gmund am Tegernsee"]
[Date "2025.11.08"]
[Round "8"]
[Board "1"]
[White "Tabatabaei, M. Amin"]
[Black "Engel, Luis"]
[Result "1-0"]
[WhiteElo "2681"]
[BlackElo "2567"]
[PlyCount "0"]
[EventDate "2025.11.01"]
[EventRounds "9"]
[EventCountry "GER"]

1. Nf3 d5 2. b3 Bf5 3. Bb2 e6 4. g3 h6 5. Bg2 Nf6 6. O-O Be7 7. d3 O-O 8. Nbd2 a5
9. a3 Bh7 10. Re1 c5 11. Ne5 Qc7 12. a4 Na6 13. e4 Nb4 14. Ng4 Nxg4 15. Qxg4 d4 16.
Qd1 e5 17. Nc4 Bg6 18. h4 f6 19. h5 Bf7 20. Bh3 Qc6 21. Qe2 Bd6 22. Bc1 Bc7 23. Na3
Kh8 24. Bd2 Qe8 25. Bg4 Nc6 26. Nc4 Nb4 27. Na3 Nc6 28. Kg2 Na7 29. Nc4 Nc8 30. Rh1
Nd6 31. Rh4 Rg8 32. Qe1 Nxc4 33. bxc4 Bd6 34. Qc1 Bf8 35. Rb1 Qc6 36. Rb5 b6 37.
Bf5 Be6 38. Bxe6 Qxe6 39. Qd1 Be7 40. Rg4 Bd8 41. Rg6 Ra7 42. Qf3 Rf7 43. g4 Qd7
44. Kf1 Re8 45. Ke1 Ref8 46. Kd1 Bc7 47. Kc1 Bd8 48. Kb2 Be7 49. Ka3 Bd8 50. Rb1
Bc7 51. Qd1 Re8 52. Qc1 Qe7 53. Qb2 Qd7 54. Rg1 Ref8 55. Rg3 Re8 56. Rf3 Ref8 57.
Rf5 Qe8 58. Qc1 Qd7 59. Kb3 Bd6 60. Bxh6 gxh6 61. Rfxf6 Rxf6 62. Qxh6+ Qh7 63. Rxf6
 1-0

[Event "28. Offene Internationale Bayerische Schachmeisterschaft"]
[Site "Gmund am Tegernsee"]
[Date "2025.11.08"]
[Round "8"]
[Board "2"]
[White "Chanda, Sandipan"]
[Black "Gumularz, Szymon"]
[Result "0-1"]
[WhiteElo "2483"]
[BlackElo "2584"]
[PlyCount "0"]
[EventDate "2025.11.01"]
[EventRounds "9"]
[EventCountry "GER"]

1. d4 Nf6 2. Bf4 b6 3. e3 Bb7 4. c4 g6 5. Nc3 Bg7 6. Nf3 d6 7. h3 Nbd7 8. Be2 O-O
9. O-O Ne4 10. Nxe4 Bxe4 11. Bh2 a5 12. Nd2 Bb7 13. Bf3 Bxf3 14. Nxf3 a4 15. Qc2
c5 16. b4 a3 17. Rab1 Ra7 18. bxc5 bxc5 19. Rb5 Qa8 20. Rfb1 Rc8 21. Qd3 h6 22. Bg3
cxd4 23. exd4 Qc6 24. R1b4 Nf6 25. d5 Qd7 26. Nd4 Rac7 27. Ra5 Nh5 28. Nb5 Nxg3 29.
fxg3 Rb7 30. Rxa3 h5 31. Rba4 Bb2 32. Rb3 Be5 33. Ra6 Kh7 34. a4 Rc5 35. Ra8 e6 36.
dxe6 Qxe6 37. Rb1 Rxc4 38. Rf1 d5 39. Kh1 Kg7 40. Qa3 Qe7 41. Qxe7 Rxe7 42. Rd8 Rxa4
43. Rxd5 Bxg3 44. Nd4 Ra2 45. Rd1 Rf2 46. Rc5 Re4 47. Rcc1 h4 48. Rb1 Ra2 49. Rbc1
Ra4 50. Nf3 Re2 51. Ra1 Rc4 52. Rd2 Re7 53. Rad1 f5 54. Rd7 Rxd7 55. Rxd7+ Kf6 56.
Rd1 Rc2 57. Rf1 Rb2 58. Kg1 Ra2 59. Kh1 Bf2 60. Rb1 g5 61. Nh2 Ke5 62. Rc1 Ke4 63.
Rb1 Be3 64. Rf1 Bd4 65. Re1+ Kf4 66. Rf1+ Bf2 67. Rb1 Re2 68. Ra1 Re4 69. Nf3 g4
70. hxg4 fxg4 71. Nh2 Rc4 72. Rb1 Bc5 73. Rf1+ Ke3 74. Re1+ Kf2 75. Rf1+ Ke2 76.
Rb1 Ba3 77. Ra1 Bb2 78. Rb1 Be5 79. Kg1 Ra4 80. Kh1 Bc3 81. Rc1 Bd2 82. Rb1 Rf4 83.
Ra1 Rc4 84. Rb1 Kd3 85. Ra1 Rb4 86. Rf1 Ra4 87. Rb1 Ke2 88. Kg1 Bc3 89. Rc1 Be1 90.
Rb1 Rf4 91. Rb2+ Bd2 92. Rb1 g3 93. Nf3 Be3+ 94. Kh1 Rxf3 95. Rb2+ Kf1 96. gxf3 h3
97. Rb1+ Kf2 98. f4 Bd2 99. f5 Be1 100. Rxe1 Kxe1 101. Kg1 h2 102. Kg2 h1=Q+  0-1

[Event "28. Offene Internationale Bayerische Schachmeisterschaft"]
[Site "Gmund am Tegernsee"]
[Date "2025.11.08"]
[Round "8"]
[Board "3"]
[White "Abdisalimov, Abdimalik"]
[Black "Gholami Orimi, Mahdi"]
[Result "1-0"]
[WhiteElo "2553"]
[BlackElo "2513"]
[PlyCount "0"]
[EventDate "2025.11.01"]
[EventRounds "9"]
[EventCountry "GER"]

1. e4 c5 2. Nf3 a6 3. Nc3 b5 4. d4 cxd4 5. Nxd4 Bb7 6. Bd3 Nc6 7. Nxc6 Bxc6 8. O-O
e6 9. Qe2 Bc5 10. a4 b4 11. Nd5 Ne7 12. Nxe7 Qxe7 13. Bxa6 Bxe4 14. Qxe4 Rxa6 15.
Qb7 Ra5 16. c4 O-O 17. b3 Qf6 18. Rb1 Qf5 19. Be3 Bxe3 20. fxe3 Qc2 21. Qxb4 Rg5
22. g3 Rh5 23. h4 g5 24. c5 Qg6 25. Kh2 Kh8 26. c6 Qg7 27. cxd7 gxh4 28. g4 Rd5 29.
Rbd1 Qe5+ 30. Qf4 Qb2+ 31. Rf2 Qxb3 32. d8=Q Rfxd8 33. Qf6+ Kg8 34. Qxf7+ Kh8 35.
Qf6+ Kg8 36. Qxe6+  1-0

[Event "28. Offene Internationale Bayerische Schachmeisterschaft"]
[Site "Gmund am Tegernsee"]
[Date "2025.11.08"]
[Round "8"]
[Board "4"]
[White "Chasin, Nico"]
[Black "Bauer, Christian"]
[Result "1/2-1/2"]
[WhiteElo "2512"]
[BlackElo "2550"]
[PlyCount "0"]
[EventDate "2025.11.01"]
[EventRounds "9"]
[EventCountry "GER"]

1. d4 Nf6 2. c4 e6 3. Nc3 d5 4. Bg5 dxc4 5. e3 a6 6. Bxc4 Be7 7. Nf3 b5 8. Bd3 Nbd7
9. a4 b4 10. Ne4 Bb7 11. Qc2 b3 12. Qb1 c5 13. O-O Rc8 14. Bxf6 gxf6 15. dxc5 f5
16. Nd6+ Bxd6 17. cxd6 Rg8 18. Qd1 Rc2 19. g3 Rxb2 20. Rc1  1/2-1/2

[Event "28. Offene Internationale Bayerische Schachmeisterschaft"]
[Site "Gmund am Tegernsee"]
[Date "2025.11.08"]
[Round "8"]
[Board "5"]
[White "Jin, Yueheng"]
[Black "Horvath, Dominik"]
[Result "0-1"]
[WhiteElo "2376"]
[BlackElo "2541"]
[PlyCount "0"]
[EventDate "2025.11.01"]
[EventRounds "9"]
[EventCountry "GER"]

1. d4 Nf6 2. c4 g6 3. Nc3 Bg7 4. e4 d6 5. Nf3 O-O 6. Be2 e5 7. d5 a5 8. Bg5 h6 9.
Bh4 Na6 10. Nd2 Qe8 11. a3 Bd7 12. f3 a4 13. Bf2 h5 14. O-O Bh6 15. b4 axb3 16. Nxb3
Qe7 17. a4 Bg5 18. Nb5 h4 19. c5 Nh5 20. Re1 Bf4 21. cxd6 cxd6 22. Bf1 Rac8 23. Nc1
Nb4 24. Re2 f5 25. Nd3 Nxd3 26. Qxd3 Ng3 27. Ree1 fxe4 28. fxe4 Nh5 29. Ra2 Rc1 30.
Rxc1 Bxc1 31. Qd1 Bh6 32. Qe1 h3 33. gxh3 Rf3 34. h4 Qf6 35. Be2 Bh3 36. Ra3 Rxa3
37. Nxa3 Qf4 38. Bf1 Bxf1 39. Kxf1 Qf3 40. Nc2 Nf4 41. Ne3 Nd3 42. Qe2 Qh3+ 43. Kg1
Nxf2 44. Kxf2 Qxh4+  0-1

[Event "28. Offene Internationale Bayerische Schachmeisterschaft"]
[Site "Gmund am Tegernsee"]
[Date "2025.11.08"]
[Round "8"]
[Board "6"]
[White "Visakh, N R"]
[Black "Ioannidis, Evgenios"]
[Result "1-0"]
[WhiteElo "2540"]
[BlackElo "2479"]
[PlyCount "0"]
[EventDate "2025.11.01"]
[EventRounds "9"]
[EventCountry "GER"]

1. d4 Nf6 2. c4 e6 3. Nf3 d5 4. g3 dxc4 5. Bg2 Bd7 6. Ne5 Bc6 7. Nxc6 Nxc6 8. O-O
Qd7 9. e3 O-O-O 10. Qe2 e5 11. Qxc4 exd4 12. exd4 Nd5 13. Rd1 Qg4 14. Qf1 Kb8 15.
Nc3 Nb6 16. Be3 Be7 17. a4 a5 18. Bxc6 bxc6 19. d5 cxd5 20. Qa6 Qc8 21. Qxa5 Qb7
22. b3 Bf6 23. Bd4 Rhe8 24. Bxf6 gxf6 25. Nb5 d4 26. Rac1 Re5 27. Qb4 Nd5 28. Qxd4
Rde8 29. Qd3 h5 30. h4 f5 31. Nd4 Nb4 32. Qd2 Re4 33. f3 Rxd4 34. Qxd4 Nc6 35. Qd5
Re6 36. Qb5 Qxb5 37. axb5 Ne5 38. Rc3  1-0

[Event "28. Offene Internationale Bayerische Schachmeisterschaft"]
[Site "Gmund am Tegernsee"]
[Date "2025.11.08"]
[Round "8"]
[Board "7"]
[White "Dragnev, Valentin"]
[Black "Stocek, Jiri"]
[Result "1-0"]
[WhiteElo "2537"]
[BlackElo "2471"]
[PlyCount "0"]
[EventDate "2025.11.01"]
[EventRounds "9"]
[EventCountry "GER"]

1. e4 c5 2. Nf3 d6 3. d4 cxd4 4. Nxd4 Nf6 5. Nc3 Nc6 6. Bg5 e6 7. Qd2 Be7 8. O-O-O
a6 9. Bxf6 gxf6 10. f4 Nxd4 11. Qxd4 Qc7 12. Be2 b5 13. Kb1 Rb8 14. Bf3 b4 15. Ne2
a5 16. Qd2 h5 17. Rc1 Bd7 18. c4 a4 19. Nd4 Qc5 20. Rhd1 Rb6 21. Qe2 Bf8 22. Rd3
Bh6 23. g3 h4 24. Qd1 hxg3 25. hxg3 Ra6 26. Qd2 Bf8 27. Rd1 Rb6 28. Rc1 Ra6 29. Nb5
a3 30. b3 Rb6 31. Nd4 Be7 32. Rd1 Bc8 33. Qg2 Bb7 34. R3d2 Rg8 35. Rh1 Ra6 36. Rh7
Ra5 37. Qh3 Qc8 38. Re2 Qc5 39. Rd2 Qc8 40. Kc1 Rf8 41. Kd1 f5 42. exf5 Bxf3+ 43.
Nxf3 Rxf5 44. Nd4 Rf6 45. Qh1 Kd7 46. c5 Qa6 47. cxd6 Bxd6 48. Rh5 Rb8 49. Qf3 e5
50. Rf5 e4 51. Qxe4 Rxf5 52. Qxf5+ Ke7 53. Re2+  1-0

[Event "28. Offene Internationale Bayerische Schachmeisterschaft"]
[Site "Gmund am Tegernsee"]
[Date "2025.11.08"]
[Round "8"]
[Board "8"]
[White "Meins, Gerlef"]
[Black "Sasikiran, Krishnan"]
[Result "1/2-1/2"]
[WhiteElo "2370"]
[BlackElo "2535"]
[PlyCount "0"]
[EventDate "2025.11.01"]
[EventRounds "9"]
[EventCountry "GER"]

1. d4 Nf6 2. Nf3 e6 3. g3 c5 4. Bg2 cxd4 5. O-O d5 6. Nxd4 Be7 7. c4 O-O 8. cxd5
Nxd5 9. Nc3 Nxc3 10. bxc3 e5 11. Nb5 Nc6 12. Qxd8 Rxd8 13. Be3 Bg4 14. Bxc6 bxc6
15. Nxa7 Rd6 16. f3 Bh3 17. Rfd1 Re6 18. Rab1 f5 19. Rb6 f4 20. Bf2 c5 21. Rxe6 Bxe6
22. Nc6 Bf6 23. Bxc5 Rxa2 24. gxf4 exf4 25. Bd4 Bg5 26. Rb1 Bh3 27. Ne5 h6 28. Re1
Bh4 29. Bf2 Bf6 30. Nd3 Bxc3 31. Rc1 Bd2 32. Rd1 g5 33. Bc5 Bf5 34. Bd4 Bh3 35. Nf2
Bf5 36. Nd3 Bxd3 37. exd3 Kf7 38. Rb1 Ke6 39. Rb2 Be3+ 40. Kg2 Ra3 41. Bxe3 fxe3
42. Kf1 Rxd3 43. Ke2 Rd4 44. Rb6+ Rd6 45. Rxd6+ Kxd6 46. Kxe3 Ke5  1/2-1/2

[Event "28. Offene Internationale Bayerische Schachmeisterschaft"]
[Site "Gmund am Tegernsee"]
[Date "2025.11.08"]
[Round "8"]
[Board "9"]
[White "Kurmangaliyeva, Liya"]
[Black "Hardaway, Brewington"]
[Result "0-1"]
[WhiteElo "2287"]
[BlackElo "2522"]
[PlyCount "0"]
[EventDate "2025.11.01"]
[EventRounds "9"]
[EventCountry "GER"]

1. Nf3 d5 2. g3 Nd7 3. d4 b5 4. Nc3 c6 5. a3 f5 6. g4 fxg4 7. Ng5 e5 8. Ne6 Qb6 9.
Nxf8 Nxf8 10. dxe5 Ne7 11. Bg2 Nfg6 12. O-O O-O 13. a4 b4 14. a5 Qc7 15. Na4 Qxe5
16. Nc5 Nf5 17. Nd3 Qd6 18. c3 Nfh4 19. Bh1 Rf5  0-1

[Event "28. Offene Internationale Bayerische Schachmeisterschaft"]
[Site "Gmund am Tegernsee"]
[Date "2025.11.08"]
[Round "8"]
[Board "10"]
[White "Heinrich, John"]
[Black "Vrolijk, Liam"]
[Result "1/2-1/2"]
[WhiteElo "2338"]
[BlackElo "2521"]
[PlyCount "0"]
[EventDate "2025.11.01"]
[EventRounds "9"]
[EventCountry "GER"]

1. e4 d6 2. d4 Nf6 3. Nc3 g6 4. Nf3 Bg7 5. Be2 Nc6 6. O-O a6 7. a4 O-O 8. h3 e6 9.
Bg5 h6 10. Be3 b6 11. Qd2 Kh7 12. Rfd1 Bb7 13. e5 dxe5 14. Nxe5 Nb4 15. a5 Qe7 16.
axb6 cxb6 17. Nc4 b5 18. Na5 Ne4 19. Nxe4 Bxe4 20. c3 Nc2 21. Rac1  1/2-1/2

[Event "28. Offene Internationale Bayerische Schachmeisterschaft"]
[Site "Gmund am Tegernsee"]
[Date "2025.11.08"]
[Round "8"]
[Board "11"]
[White "Huber, Benedikt"]
[Black "Costa, Leonardo"]
[Result "0-1"]
[WhiteElo "2290"]
[BlackElo "2546"]
[PlyCount "0"]
[EventDate "2025.11.01"]
[EventRounds "9"]
[EventCountry "GER"]

1. d4 d5 2. Nf3 Nf6 3. e3 e6 4. Bd3 c5 5. b3 Nc6 6. O-O b6 7. Bb2 Bb7 8. a3 Rc8 9.
Nbd2 cxd4 10. exd4 Bd6 11. Ne5 O-O 12. f4 Ne7 13. Qe2 Rc7 14. g4 Qa8 15. Rae1 b5
16. c3 a6 17. Rf3 Ne4 18. Nxe4 dxe4 19. Bxe4 f5 20. Bxb7 Qxb7 21. Nd3 fxg4 22. Qxe6+
Kh8 23. Qxg4 Qd5 24. c4 bxc4 25. bxc4 Rxc4 26. Rfe3 Nf5 27. Re8 Rc8 28. Rxf8+ Rxf8
29. Qg2 Qb3 30. Nc5 Qb5 31. Ne6 Rb8 32. Re2 Qd3 33. h3 Rxb2 34. Rxb2 Qe3+ 35. Kh1
Qe1+ 36. Kh2 Qxe6 37. Qa8+ Qg8 38. Qxg8+ Kxg8 39. Rb6 Bxa3 40. Rxa6 Bd6 41. Kg2 Bxf4
42. Kf3 Bh2 43. Ke4 g6 44. Ra2 Bg1 45. d5 Kf7 46. Ra1 Bc5 47. Ra5 Be7 48. Ra6 Bf8
49. Ra7+ Be7 50. Ra6 Bc5 51. Ra5 Nd6+ 52. Kd3 Bf2 53. Ra6 Ke7 54. Ra2 Bg1 55. Ra1
Bb6 56. Ra6 Bc7 57. Kd4 Kd7 58. Ke5 Ne8+ 59. Kd4 Bd6 60. Ra8 Ke7 61. Kc4 Nc7 62.
Rh8 h5 63. Rh7+ Kf6 64. Rd7 Ke5 65. Rg7 Nxd5 66. Rxg6 Nf4 67. Rh6 Be7 68. Kc3 Ke4
69. Kd2 Bh4 70. Rh8 Kf3 71. Rf8 Bg3 72. h4 Bxh4 73. Rf5 Bf2 74. Rxh5 Nxh5 75. Kd3
Nf4+ 76. Kc4 Ke4 77. Kb5 Kd5 78. Kb4 Be3 79. Kb5 Nd3 80. Ka6 Kc6 81. Ka5 Bb6+ 82.
Ka4 Kc5 83. Kb3 Ba5 84. Kc2 Nf2 85. Kb3 Kb5 86. Ka3 Ng4 87. Kb3 Ne3 88. Ka3 Be1 89.
Kb3 Bb4 90. Kb2 Ka4 91. Kc1 Kb3 92. Kb1 Bd2 93. Ka1 Nc2+ 94. Kb1 Na3+ 95. Ka1 Bc3#
 0-1

[Event "28. Offene Internationale Bayerische Schachmeisterschaft"]
[Site "Gmund am Tegernsee"]
[Date "2025.11.08"]
[Round "8"]
[Board "12"]
[White "Felix, Raphael"]
[Black "Gokerkan, Cem Kaan"]
[Result "0-1"]
[WhiteElo "2290"]
[BlackElo "2502"]
[PlyCount "0"]
[EventDate "2025.11.01"]
[EventRounds "9"]
[EventCountry "GER"]

1. e4 d5 2. exd5 Qxd5 3. Nc3 Qa5 4. d4 Nf6 5. Nf3 Bf5 6. Ne5 c6 7. Bc4 e6 8. O-O
Nbd7 9. Bf4 Rd8 10. Ne2 Be7 11. c3 Nxe5 12. Bxe5 O-O 13. Ng3 Bg6 14. Qe2 b5 15. Bd3
Bxd3 16. Qxd3 c5 17. Qe2 cxd4 18. Bxd4 Rd5 19. a4 b4 20. cxb4 Qxb4 21. Bxa7 Ra8 22.
Be3 Rxa4 23. Qc2 Rxa1 24. Rxa1 Rd8 25. h3 Nd5 26. Bd2 Qb7 27. Rc1 Rb8 28. Ne4 Qxb2
29. Qxb2 Rxb2 30. Rc8+ Bf8 31. Bc1 Rb1 32. Nd2 Ra1 33. Nb3 Ra7 34. Rd8 f6 35. Nc5
Nc7 36. Nd7 Ra8 37. Rxa8 Nxa8 38. Nxf8 Kxf8 39. Ba3+ Kf7 40. g3 e5 41. h4 h5 42.
Kg2 Nb6 43. Kf3 Nc4 44. Bb4 Ke6 45. Bf8 g6 46. Bb4 Kf5 47. Bc3 Nb6 48. Bb4 Nd5 49.
Bc5 e4+ 50. Kg2 Kg4 51. Ba7 f5 52. Bc5 f4 53. Ba7 fxg3 54. fxg3 Ne7 55. Bf2 Nf5 56.
Be1 e3 57. Kh2 Kf3 58. Kh3 Nd4  0-1

[Event "28. Offene Internationale Bayerische Schachmeisterschaft"]
[Site "Gmund am Tegernsee"]
[Date "2025.11.08"]
[Round "8"]
[Board "13"]
[White "Celik, Hasan Huseyin"]
[Black "Schneider, Jana"]
[Result "1-0"]
[WhiteElo "2494"]
[BlackElo "2274"]
[PlyCount "0"]
[EventDate "2025.11.01"]
[EventRounds "9"]
[EventCountry "GER"]

1. e4 e5 2. Nf3 Nc6 3. Bb5 a6 4. Ba4 Nf6 5. O-O Be7 6. d3 b5 7. Bb3 d6 8. a3 O-O
9. Nc3 Bg4 10. Be3 Qd7 11. h3 Be6 12. Nd5 Bxd5 13. exd5 Nd8 14. c4 c6 15. dxc6 Nxc6
16. cxb5 axb5 17. d4 e4 18. d5 Nb4 19. Ne1 Na6 20. Nc2 Qb7 21. Nd4 Nxd5 22. Nf5 Nxe3
23. fxe3 Qa7 24. Bd5 Rad8 25. Qd4 Qxd4 26. Nxe7+ Kh8 27. exd4 g6 28. Nc6  1-0

[Event "28. Offene Internationale Bayerische Schachmeisterschaft"]
[Site "Gmund am Tegernsee"]
[Date "2025.11.08"]
[Round "8"]
[Board "14"]
[White "Naumann, Alexander"]
[Black "Engel, Bruno"]
[Result "1-0"]
[WhiteElo "2473"]
[BlackElo "2274"]
[PlyCount "0"]
[EventDate "2025.11.01"]
[EventRounds "9"]
[EventCountry "GER"]

1. c4 e5 2. Nc3 Bb4 3. Nd5 Be7 4. d4 exd4 5. Qxd4 Nf6 6. Nxe7 Qxe7 7. Bg5 Nc6 8.
Qc3 Rg8 9. e3 Qb4 10. Bxf6 gxf6 11. Ne2 d6 12. O-O-O Qxc3+ 13. Nxc3 Be6 14. g3 Ke7
15. b3 a6 16. Bg2 Rab8 17. Kb2 Ne5 18. Nd5+ Bxd5 19. cxd5 c5 20. dxc6 bxc6 21. f4
Ng4 22. Rd2 d5 23. Rc1 Nxh2 24. Rxc6 Rxg3 25. Rxa6 Nf3 26. Bxf3 Rxf3 27. Rxd5 Rxe3
28. Ra7+ Kf8 29. Rdd7 Kg7 30. Rxf7+ Kg6 31. Rxh7 Re2+ 32. Kc3 Kf5 33. Ra4 Rc8+ 34.
Rc4 Rxc4+ 35. Kxc4 Rxa2 36. Rh4 Rf2 37. b4 Ke6 38. Kc5 Rc2+ 39. Kb6 Kd5 40. b5 f5
41. Rh1 Rf2 42. Rd1+ Ke4 43. Rb1 Kxf4 44. Kc5 Rc2+ 45. Kd6 Rc8 46. b6 Kg3 47. Rb3+
Kg2 48. Ke5 Rf8 49. Kf4 Kf2 50. b7 Rb8 51. Kxf5 Ke2 52. Ke6 Kd2 53. Kd7 Rxb7+ 54.
Rxb7  1-0

[Event "28. Offene Internationale Bayerische Schachmeisterschaft"]
[Site "Gmund am Tegernsee"]
[Date "2025.11.08"]
[Round "8"]
[Board "16"]
[White "Kuru, Atilla"]
[Black "Papadopoulos, Ioannis"]
[Result "1-0"]
[WhiteElo "2435"]
[BlackElo "2240"]
[PlyCount "0"]
[EventDate "2025.11.01"]
[EventRounds "9"]
[EventCountry "GER"]

1. e4 c5 2. Nf3 e6 3. d4 cxd4 4. Nxd4 Nc6 5. Nc3 Qc7 6. Be3 a6 7. a3 b5 8. Nxc6 Qxc6
9. Bd3 Bb7 10. Qd2 Rc8 11. Bd4 Nf6 12. e5 Nd5 13. Ne4 Be7 14. b4 Nb6 15. Qf4 Nc4
16. Qg3 g6 17. h4 h5 18. O-O Qc7 19. Ng5 O-O 20. f4 Bd5 21. f5 exf5 22. Rxf5 Be6
23. Nxe6 dxe6 24. Rxh5 Kg7 25. Rf1 Rg8 26. Qf4  1-0

[Event "28. Offene Internationale Bayerische Schachmeisterschaft"]
[Site "Gmund am Tegernsee"]
[Date "2025.11.08"]
[Round "8"]
[Board "17"]
[White "Ongut, Tamas Gunes"]
[Black "Hess, Max"]
[Result "1/2-1/2"]
[WhiteElo "2264"]
[BlackElo "2403"]
[PlyCount "0"]
[EventDate "2025.11.01"]
[EventRounds "9"]
[EventCountry "GER"]

1. e4 e5 2. Nf3 Nc6 3. Nc3 Nf6 4. h3 Bd6 5. d4 exd4 6. Nxd4 O-O 7. Nxc6 dxc6 8. Bd3
Nd7 9. Qh5 Nc5 10. O-O Nxd3 11. cxd3 f5 12. Bg5 Qe8 13. Qxe8 Rxe8 14. Rfe1 h6 15.
Bd2 Be6 16. Ne2 Rad8 17. Bc3 c5 18. Ng3 fxe4 19. dxe4 b5 20. Nf5 Bxf5 21. exf5 b4
22. Rxe8+ Rxe8 23. Bd2 Re5 24. g4 Rd5 25. Be3 Be5 26. Rc1 Bxb2 27. Rxc5 Rxc5 28.
Bxc5 a5 29. Kf1 Kf7 30. Ke2 Kf6 31. f4 Bc1 32. Bd4+ Kf7 33. Be5 c5 34. Kd3 a4 35.
Kc2 Be3 36. Kd3 Bf2 37. g5 hxg5 38. fxg5 g6 39. fxg6+ Kxg6 40. Bf4 b3 41. axb3 axb3
42. Bc1 Bh4 43. Kc3 Bxg5 44. Bxg5 Kxg5 45. Kxb3 Kh4 46. Kc4 Kxh3 47. Kxc5  1/2-1/2

[Event "28. Offene Internationale Bayerische Schachmeisterschaft"]
[Site "Gmund am Tegernsee"]
[Date "2025.11.08"]
[Round "8"]
[Board "18"]
[White "Kuegel, Tobias"]
[Black "Eisele, Steffen"]
[Result "1-0"]
[WhiteElo "2391"]
[BlackElo "2211"]
[PlyCount "0"]
[EventDate "2025.11.01"]
[EventRounds "9"]
[EventCountry "GER"]

1. e4 e6 2. d4 d5 3. Nc3 Bb4 4. e5 c5 5. a3 Bxc3+ 6. bxc3 Qc7 7. Qg4 f5 8. Qg3 cxd4
9. cxd4 Ne7 10. c3 O-O 11. Ne2 Nbc6 12. Nf4 Na5 13. Rb1 Bd7 14. h4 Rac8 15. Rh3 Rf7
16. h5 Qc6 17. h6 g6 18. Bb5 Qc7 19. a4 a6 20. Be2 Nc4 21. Qg5 Qc6 22. Bd1 b5 23.
axb5 axb5 24. Rg3 Kh8 25. Ra1 b4 26. cxb4 Qb6 27. Ne2 Qxb4+ 28. Kf1 f4 29. Rb3 Nd2+
30. Bxd2 Qxd2 31. Rb7 Ng8 32. Rab1 Rf5 33. Qg4 Rh5 34. R7b2 Rh1+ 35. Ng1 Qxd4 36.
Qg5 Rh5 37. Bxh5  1-0